All WW2 Countries - Statistics

General Stats
  • This quiz has been taken 44 times
  • The average score is 13 of 52
Answer Stats
Hint Answer % Correct
Allies United States
74%
Allies Soviet Union
72%
Axis German Empire
67%
Axis Japanese Empire
51%
Axis Italian Empire
46%
Allies British Empire
36%
Allies China
36%
Axis Finland
36%
Allies Australia
33%
Allies Canada
33%
Allies French Empire
33%
Allies Yugoslavia
33%
Allies Belgium
31%
Allies Netherlands
31%
Allies Norway
28%
Allies Greece
26%
Allies Luxemburg
26%
Allies New Zealand
26%
Axis Thailand
26%
Allies Brazil
23%
Allies Turkey
23%
Allies Dominican Republic
21%
Allies Iran
21%
Allies Mexico
21%
Axis Slovakia
21%
Allies South Africa
21%
Allies Argentina
18%
Allies Colombia
18%
Allies Cuba
18%
Allies El Salvador
18%
Allies Haiti
18%
Allies Panama
18%
Allies Paraguay
18%
Allies Peru
18%
Allies Uruguay
18%
Allies Venezuela
18%
Allies Chile
15%
Allies Costa Rica
15%
Axis Croatia
15%
Axis Czechia
15%
Allies Guatemala
15%
Allies Iraq
15%
Allies Nicaragua
15%
Allies Saudi Arabia
15%
Allies Bolivia
13%
Allies British Raj
10%
Allies Ethiopia
10%
Allies Philippines
10%
Allies Liberia
5%
Allies Syria
5%
Axis Vichy France
5%
Allies Lebanon
3%
No matching quizzes found
Score Distribution
Percent of People with Each Score
Percentile by Number Answered
Your Score History
You have not taken this quiz